<?xml version="1.0" encoding="UTF-8"?><?xml-stylesheet type="text/xsl" href="static/style.xsl"?><OAI-PMH xmlns="http://www.openarchives.org/OAI/2.0/" xmlns:xsi="http://www.w3.org/2001/XMLSchema-instance" xsi:schemaLocation="http://www.openarchives.org/OAI/2.0/ http://www.openarchives.org/OAI/2.0/OAI-PMH.xsd"><responseDate>2026-04-13T01:25:40Z</responseDate><request verb="GetRecord" identifier="oai:www.recercat.cat:2117/385993" metadataPrefix="marc">https://recercat.cat/oai/request</request><GetRecord><record><header><identifier>oai:recercat.cat:2117/385993</identifier><datestamp>2026-02-07T08:05:22Z</datestamp><setSpec>com_2072_1033</setSpec><setSpec>col_2072_452950</setSpec></header><metadata><record xmlns="http://www.loc.gov/MARC21/slim" xmlns:dcterms="http://purl.org/dc/terms/" xmlns:xsi="http://www.w3.org/2001/XMLSchema-instance" xmlns:doc="http://www.lyncode.com/xoai" xsi:schemaLocation="http://www.loc.gov/MARC21/slim http://www.loc.gov/standards/marcxml/schema/MARC21slim.xsd">
   <leader>00925njm 22002777a 4500</leader>
   <datafield ind2=" " ind1=" " tag="042">
      <subfield code="a">dc</subfield>
   </datafield>
   <datafield ind2=" " ind1=" " tag="720">
      <subfield code="a">Ciantia, Matteo Oryem</subfield>
      <subfield code="e">author</subfield>
   </datafield>
   <datafield ind2=" " ind1=" " tag="720">
      <subfield code="a">Arroyo Álvarez de Toledo, Marcos</subfield>
      <subfield code="e">author</subfield>
   </datafield>
   <datafield ind2=" " ind1=" " tag="720">
      <subfield code="a">Kaiser, P. K.</subfield>
      <subfield code="e">author</subfield>
   </datafield>
   <datafield ind2=" " ind1=" " tag="260">
      <subfield code="c">2021-09</subfield>
   </datafield>
   <datafield ind2=" " ind1=" " tag="520">
      <subfield code="a">Gabion-type support is a favoured option to restrain bulking in pillar walls of mine footprint tunnels. It uses closely spaced short reinforcements in tunnel walls (typically fully grouted rebar) in combination with surface support (rock fragment retention systems such as shotcrete, weld wire mesh, straps, etc.). The system is installed while the rock is still mostly intact and is conceived to maintain support capacity even when, the rock attains a fully fragmented state, acting then like a gabion or earth-reinforced type retaining wall. In this paper the interaction between the support system and the highly stressed pillar walls is investigated numerically by means of finite element analyses within the framework of displacement-based design. Because the material response should capture the passage from intact rock to fully fragmented state, an advanced elasto-plastic bonded constitutive model was adopted as a simulation framework. The model is calibrated to replicate the mechanical behaviour of Bursnip Sandstone and Amarelo Pais Granite. These two rocks were selected because of high quality triaxial tests results from the literature. After showing the good performance of the model to reproduce both low and high pressure triaxial compression behaviour an extensive parametric study investigating the effects of bolt types on gabion response is presented.</subfield>
   </datafield>
   <datafield ind2=" " ind1=" " tag="520">
      <subfield code="a">This work was partly supported by the Ministry of Science and Innovation of Spain through the research grant BIA2017-84752-R</subfield>
   </datafield>
   <datafield ind2=" " ind1=" " tag="520">
      <subfield code="a">Postprint (published version)</subfield>
   </datafield>
   <datafield tag="653" ind2=" " ind1=" ">
      <subfield code="a">Àrees temàtiques de la UPC::Enginyeria civil::Geotècnia::Túnels i excavacions</subfield>
   </datafield>
   <datafield tag="653" ind2=" " ind1=" ">
      <subfield code="a">Tunnels</subfield>
   </datafield>
   <datafield tag="653" ind2=" " ind1=" ">
      <subfield code="a">Túnels</subfield>
   </datafield>
   <datafield ind2="0" ind1="0" tag="245">
      <subfield code="a">Application of a bonded critical state model to design tunnel support for rockmass bulking</subfield>
   </datafield>
</record></metadata></record></GetRecord></OAI-PMH>